Vainqueurs d'étape du Tour d'Italie 2022 - Statistiques

Statistiques générales
  • Ce quiz a été pris 24 fois
  • Le résultat moyen est 14 sur 25
Statistiques - réponses
Hint Réponse % Correct
20e étape-21e étape Jai Hindley
93%
Etape 9 Jai Hindley
93%
1ere étape-3e étape Mathieu van der Poel
80%
Etape 1 Mathieu van der Poel
80%
Etape 3 Mark Cavendish
73%
14e étape-19e étape Richard Carapaz
73%
Etape 5 Arnaud Démare
67%
Etape 6 Arnaud Démare
67%
Etape 13 Arnaud Démare
67%
Etape 2 Simon Yates
67%
Etape 14 Simon Yates
67%
4e étape-13e étape Juan Pedro Lopez
60%
Etape 4 Lennard Kamna
60%
Etape 15 Giulio Ciccone
53%
Etape 20 Alessandro Covi
47%
Etape 17 Santiago Buitrago
47%
Etape 16 Jan Hirt
40%
Etape 7 Koen Bouwman
40%
Etape 19 Koen Bouwman
40%
Etape 21 Matteo Sobrero
40%
Etape 10 Biniam Girmay
33%
Etape 18 Dries De Bondt
33%
Etape 11 Alberto Dainese
27%
Etape 12 Stefano Oldani
27%
Etape 8 Thomas De Gendt
27%
Aucun quiz correspondant
Distribution des résultats
% des personnes avec chaque résultat
Percentile par nombre de réponses
Votre historique - résultats
Vous n’avez pas pris ce quiz